| 000 | 00599nam a2200205 u 4500 | ||
|---|---|---|---|
| 005 | 20210223131616.0 | ||
| 008 | 111018s2006 mx r 000 0 spa d | ||
| 020 | _a9706417338 | ||
| 035 | _aUPN01000182241 | ||
| 049 | _aI | ||
| 050 | 4 |
_aPQ7390 Y3.6 _bF4.3 |
|
| 100 | 1 |
_aYáñez, Mirta, _d1947- _931826 |
|
| 245 | 1 | 3 |
_aLa fiesta de los caballitos / _cMirta Yáñez ; il. Isabel Arnaud. |
| 260 |
_aMéxico : _bProgreso, _c2006. |
||
| 300 |
_a97 p. : _bil. col. |
||
| 440 | 0 | _aRehilete | |
| 586 | _aPremio La Edad de Oro, Cuba | ||
| 650 | 4 |
_aCUENTOS INFANTILES CUBANOS _911212 |
|
| 905 | _aInfantil | ||
| 999 |
_c154344 _d154344 |
||